kku e-library facility

Research Methods and Statistics in Psychology (Record no. 193)

MARC details
000 -LEADER
fixed length control field 00423nam a2200145 4500
005 - DATE AND TIME OF LATEST TRANSACTION
control field 20260323130123.0
008 - FIXED-LENGTH DATA ELEMENTS--GENERAL INFORMATION
fixed length control field 260323b |||||||| |||| 00| 0 eng d
020 ## - INTERNATIONAL STANDARD BOOK NUMBER
International Standard Book Number 0340600829
100 ## - MAIN ENTRY--PERSONAL NAME
Personal name Coolican Hugh
245 ## - TITLE STATEMENT
Title Research Methods and Statistics in Psychology
Statement of responsibility, etc. / Hugh Coolican
250 ## - EDITION STATEMENT
Edition statement 2nd ed
260 ## - PUBLICATION, DISTRIBUTION, ETC.
Place of publication, distribution, etc. Britain;
Name of publisher, distributor, etc. Hodder & Stoughton Educational;
Date of publication, distribution, etc. 1994
300 ## - PHYSICAL DESCRIPTION
Extent xii, 499p.ill;
Dimensions 24.5cm
942 ## - ADDED ENTRY ELEMENTS (KOHA)
Source of classification or shelving scheme Library of Congress Classification
Suppress in OPAC No
Koha item type Books

No items available.

©2025 All rights reserved. KKU